000
00269nam a2200121Ia 4500
100
_a
Lindsey/ F.R.
942
_c
BK
654
_a
Hand Book
245
_a
Pipe Fitter''''s Hand Book
260
_b
Industrial Press
_a
NEWYORK
_c
1967
082
_a
696.2
546
_a
ENGLISH
999
_c
19268
_d
19268